| 000 | 00416pab a2200157 454500 | ||
|---|---|---|---|
| 008 | 180718b2006 xxu||||| |||| 00| 0 eng d | ||
| 100 | _aBurnham, June | ||
| 245 | _aThe governance of transport in London then and now | ||
| 260 | _c2006 | ||
| 300 | _ap.255-72. | ||
| 362 | _aJun | ||
| 650 | _aTransport policy - Great Britain | ||
| 650 | _aTransport policy | ||
| 773 | _aLocal Government Studies | ||
| 909 | _a70255 | ||
| 999 |
_c70255 _d70255 |
||